[Event "RUS-ch Men Blitz 2019"]
[Site "Sochi"]
[Date "2019.10.17"]
[Round "6.13"]
[White "Nesterov, Arseniy"]
[Black "Bocharov, Dmitry"]
[Result "1-0"]
[WhiteElo "2484"]
[BlackElo "2519"]
[Annotator "TA"]
[PlyCount "92"]
[EventDate "2019.10.17"]
[EventType "swiss"]
[EventCountry "RUS"]
[SourceTitle "playchess.com"]
[Source "ChessBase"]
[SourceQuality "1"]

{[%evp 10,92,30,31,32,36,20,16,19,0,52,48,56,41,48,31,38,27,48,50,107,18,9,0,0,-100,-79,-97,-91,-68,-106,-175,-110,-132,-123,-157,-120,-195,-127,-122,-86,-91,-78,-159,-148,-377,-396,-382,-382,-829,-245,-226,-188,-183,-187,-235,-213,-421,-329,-594,-560,-610,-505,-1503,-476,-1426,-1346,-1250,-922,-29989,-29990,-29990,-29988,-29995,-29989,-29989,0,-29987,-29988,-29988,0,-29995,-29996,-29998,-29999]} 1. d4 d6 2. c4 e5 3. d5 Be7 4. Nc3 Nf6 5. e4 O-O 6. Bd3 a5 {A53: Old Indian Defence without Nf3} 7. h3 Na6 8. Nf3 c6 {The position is equal.} 9. Be3 Nd7 (9... cxd5 $11 10. exd5 (10. Nxd5 Nxd5 11. cxd5 b6 $11) (10. cxd5 b6 $14) 10... Bd7) (9... Bd7 10. O-O cxd5 11. cxd5 b5 12. Qe2 Qb8 {½-½ (62) Kozul,Z (2602)-Jankovic,A (2557) Porec 2016}) 10. O-O $146 ({Predecessor:} 10. a3 Rb8 11. O-O Ndc5 12. Bc2 g6 13. Rb1 Nd7 14. dxc6 bxc6 {1-0 (39) Spivack,S (2195)-Muter,D (2135) West Bromwich 2004}) 10... Ndc5 11. Bc2 Bd7 12. a3 cxd5 13. exd5 Qe8 14. b3 f5 (14... Rc8 $14) 15. Rb1 (15. b4 $1 $16 {[%cal Rb4c5]} axb4 16. axb4 Nxb4 17. Rxa8 Qxa8 18. Bxc5 dxc5 19. Nxe5) 15... e4 $11 16. Nd2 Bf6 17. b4 (17. Ne2 $11) 17... axb4 18. axb4 {Nb5 is the strong threat.} Bxc3 19. bxc5 Nxc5 20. Nb3 (20. f3 $17 {was necessary.}) 20... b6 (20... Na4 $1 $19 21. Bf4 Qe7) 21. Bd4 Bxd4 22. Qxd4 Ra2 23. Rb2 (23. Nxc5 $17 bxc5 24. Qc3) 23... Rxb2 ({Better is} 23... Nxb3 $1 $19 24. Bxb3 Rxb2 25. Qxb2 f4) 24. Qxb2 $17 f4 {Threatens to win with ...f3.} 25. Nxc5 bxc5 26. Re1 ({White should play} 26. Qb1) 26... e3 27. Qc3 $2 (27. Bd1 $17 {might work better.}) 27... Qh5 $19 28. Bd1 Qg5 29. Kf1 $2 (29. Kh2 Qh4 30. Rf1) 29... exf2 $2 (29... Qh4 {[%csl Ge3][%cal Rh4f2]} 30. Qb2 Bxh3 $1 {[%mdl 512]}) 30. Kxf2 Re8 31. Rxe8+ Bxe8 32. Bg4 h5 33. Be6+ $2 (33. Be2) 33... Kh7 34. Qb3 $2 (34. g4 {was forced.} fxg3+ 35. Qxg3 Qd2+ 36. Kf1) 34... Qe5 35. Qb8 Bg6 36. Qg8+ Kh6 37. Qh8+ (37. Kg1 $142 Qe1+ 38. Kh2 Qg3+ 39. Kh1) 37... Kg5 {( -> ...Qe3+)} ({Not} 37... Bh7 38. Bg8 $17) 38. Qd8+ {[#]} Qf6 $1 {[%cal Rf6d8]} 39. Qxd6 Qd4+ {[%mdl 64] Double Attack} 40. Ke1 Qc3+ 41. Ke2 Qd3+ 42. Ke1 Qb1+ $2 (42... Qe3+ {mates} 43. Kd1 Qg1+ 44. Ke2 Qxg2+ 45. Ke1 Qe4+ 46. Kf1 Qf3+ 47. Ke1 Qc3+ 48. Ke2 f3+ 49. Kf1 Bd3+ 50. Kf2 Qd2+ 51. Kxf3 Qe2+ 52. Kg3 h4#) 43. Kd2 $2 {[%mdl 8192]} (43. Kf2 $11 Qe4 44. Qxc5) 43... Qc2+ 44. Ke1 Qc3+ 45. Ke2 $1 {Black must now prevent h4+!} Bd3+ 46. Kf3 Bxc4+ {[%mdl 32832] Discovered Attack. Accuracy: White = 27%, Black = 60%. . Loss on time!?} 1-0

[Event "RUS-ch Men Blitz 2019"]
[Site "Sochi"]
[Date "2019.10.17"]
[Round "6.14"]
[White "Shubin, Kirill"]
[Black "Antipov, Mikhail Al."]
[Result "1-0"]
[WhiteElo "2416"]
[BlackElo "2567"]
[Annotator "ChessBase"]
[PlyCount "79"]
[EventDate "2019.10.17"]
[EventType "swiss"]
[EventCountry "RUS"]
[SourceTitle "playchess.com"]
[Source "ChessBase"]
[SourceQuality "1"]
[TimeControl "180+2"]

1. e4 {[%emt 0:00:00]} c5 {[%emt 0:00:00]} 2. Nf3 {[%emt 0:00:00]} Nc6 {[%emt 0:00:00]} 3. Bb5 {[%emt 0:00:01]} d6 {[%emt 0:00:00]} 4. d4 {[%emt 0:00:01]} cxd4 {[%emt 0:00:01]} 5. Qxd4 {[%emt 0:00:01]} Bd7 {[%emt 0:00:02]} 6. Qd3 {[%emt 0:00:00]} h6 {[%emt 0:00:04]} 7. c4 {[%emt 0:00:05]} a6 {[%emt 0:00:18]} 8. Bxc6 {[%emt 0:00:02]} Bxc6 {[%emt 0:00:06]} 9. Nc3 {[%emt 0:00:02]} Nf6 {[%emt 0:00:05]} 10. O-O {[%emt 0:00:02]} e6 {[%emt 0:00:03]} 11. Bf4 {[%emt 0:00:10]} Nh5 {[%emt 0:00:43]} 12. Be3 {[%emt 0:00:06]} Be7 {[%emt 0:00:01]} 13. Rfd1 {[%emt 0:00:06]} O-O {[%emt 0:00:04]} 14. Nd4 {[%emt 0:00:05]} Be8 {[%emt 0:00:27]} 15. Rac1 {[%emt 0:00:08]} Qc7 {[%emt 0:00:11]} 16. Qe2 {[%emt 0:00:25]} Nf6 {[%emt 0:00:01]} 17. b3 {[%emt 0:00:01]} Nd7 {[%emt 0:00:09]} 18. Bf4 {[%emt 0:00:14]} Ne5 {[%emt 0:00:08]} 19. Bg3 {[%emt 0:00:02]} Rd8 {[%emt 0:00:06]} 20. Rc2 {[%emt 0:00:31]} Qa5 {[%emt 0:00:16]} 21. f4 {[%emt 0:00:28]} Nc6 {[%emt 0:00:01]} 22. Bf2 {[%emt 0:00:01]} Bf6 {[%emt 0:00:12]} 23. Kh1 {[%emt 0:00:11]} Bd7 {[%emt 0:00:18]} 24. Qf3 {[%emt 0:00:20]} Bc8 {[%emt 0:00:15]} 25. Rcd2 {[%emt 0:00:09]} Ne7 {[%emt 0:00:07]} 26. Nce2 {[%emt 0:00:14]} Ng6 {[%emt 0:00:01]} 27. f5 {[%emt 0:00:10]} Ne5 {[%emt 0:00:04]} 28. Qg3 {[%emt 0:00:01]} exf5 {[%emt 0:00:05]} 29. Nxf5 {[%emt 0:00:04]} Bxf5 {[%emt 0:00:01]} 30. exf5 {[%emt 0:00:01]} Nc6 {[%emt 0:00:03]} 31. Qg4 {[%emt 0:00:07]} Ne7 {[%emt 0:00:05]} 32. Ng3 {[%emt 0:00:03]} d5 {[%emt 0:00:03]} 33. Nh5 {[%emt 0:00:02]} Bc3 {[%emt 0:00:02]} 34. Bd4 {[%emt 0:00:04]} Bxd4 {[%emt 0:00:01]} 35. Rxd4 {[%emt 0:00:01]} g6 {[%emt 0:00:02]} 36. fxg6 {[%emt 0:00:04]} fxg6 {[%emt 0:00:03]} 37. Qe6+ {[%emt 0:00:01]} Rf7 {[%emt 0:00:02]} 38. Rf4 {[%emt 0:00:03]} Rdf8 {[%emt 0:00:02]} 39. Rdf1 {[%emt 0:00:01]} Kh8 {[%emt 0:00:03]} 40. Rxf7 {[%emt 0:00:02]} 1-0

[Event "RUS-ch Men Blitz 2019"]
[Site "Sochi"]
[Date "2019.10.17"]
[Round "6.15"]
[White "Popov, Valerij"]
[Black "Sysolyatin, Evgeny"]
[Result "1-0"]
[WhiteElo "2535"]
[BlackElo "2271"]
[Annotator "ChessBase"]
[PlyCount "57"]
[EventDate "2019.10.17"]
[EventType "swiss"]
[EventCountry "RUS"]
[SourceTitle "playchess.com"]
[Source "ChessBase"]
[SourceQuality "1"]
[TimeControl "180+2"]

1. c4 {[%emt 0:00:00]} Nf6 {[%emt 0:00:05]} 2. Nc3 {[%emt 0:00:04]} e6 {[%emt 0:00:01]} 3. d4 {[%emt 0:00:06]} d5 {[%emt 0:00:01]} 4. cxd5 {[%emt 0:00:01]} exd5 {[%emt 0:00:01]} 5. Bg5 {[%emt 0:00:01]} Nbd7 {[%emt 0:00:07]} 6. Qc2 {[%emt 0:00:06]} c6 {[%emt 0:00:02]} 7. e3 {[%emt 0:00:01]} Bd6 {[%emt 0:00:06]} 8. Bd3 {[%emt 0:00:02]} Nf8 {[%emt 0:00:01]} 9. Nf3 {[%emt 0:00:06]} Ne6 {[%emt 0:00:01]} 10. Bh4 {[%emt 0:00:01]} h6 {[%emt 0:00:01]} 11. Rb1 {[%emt 0:00:11]} a5 {[%emt 0:00:04]} 12. a3 {[%emt 0:00:05]} Qe7 {[%emt 0:00:08]} 13. O-O {[%emt 0:00:14]} O-O {[%emt 0:00:14]} 14. Rfe1 {[%emt 0:00:14]} g5 {[%emt 0:00:03]} 15. Bg3 {[%emt 0:00:03]} Bxg3 {[%emt 0:00:02]} 16. hxg3 {[%emt 0:00:01]} Qd6 {[%emt 0:00:15]} 17. b4 {[%emt 0:00:10]} axb4 {[%emt 0:00:02]} 18. axb4 {[%emt 0:00:01]} Kg7 {[%emt 0:00:35]} 19. Rec1 {[%emt 0:00:13]} Re8 {[%emt 0:00:13]} 20. Na4 {[%emt 0:00:32]} Nf8 {[%emt 0:00:55]} 21. b5 {[%emt 0:00:09]} Be6 {[%emt 0:00:29]} 22. Qc5 {[%emt 0:00:30]} Qd8 {[%emt 0:00:09]} 23. Qb4 {[%emt 0:00:06]} Ne4 {[%emt 0:00:03]} 24. bxc6 {[%emt 0:00:10]} bxc6 {[%emt 0:00:02]} 25. Ne5 {[%emt 0:00:01]} Qf6 {[%emt 0:00:04]} 26. Bxe4 {[%emt 0:00:05]} dxe4 {[%emt 0:00:02]} 27. Rxc6 {[%emt 0:00:12]} Ng6 {[%emt 0:00:04]} 28. Nxg6 {[%emt 0:00:03]} Qxg6 {[%emt 0:00:01]} 29. d5 {[%emt 0:00:03]} 1-0

[Event "RUS-ch Men Blitz 2019"]
[Site "Sochi"]
[Date "2019.10.17"]
[Round "6.16"]
[White "Lysyj, Igor"]
[Black "Keosidi, Konstantin"]
[Result "1-0"]
[WhiteElo "2596"]
[BlackElo "2400"]
[Annotator "RC"]
[PlyCount "123"]
[EventDate "2019.10.17"]
[EventType "swiss"]
[EventCountry "RUS"]
[SourceTitle "playchess.com"]
[Source "ChessBase"]
[SourceQuality "1"]
[TimeControl "180+2"]

1. d4 {[%emt 0:00:00]} Nf6 {[%emt 0:00:00]} 2. c4 {[%emt 0:00:00]} g6 {[%emt 0:00:00]} 3. Nc3 {[%emt 0:00:01]} Bg7 {[%emt 0:00:00]} 4. e4 {[%emt 0:00:01]} d6 {[%emt 0:00:00]} 5. Nf3 {[%emt 0:00:01]} O-O {[%emt 0:00:04]} 6. Be2 {[%emt 0:00:01]} e5 {[%emt 0:00:05]} 7. O-O {[%emt 0:00:02]} Nc6 {[%emt 0:00:01]} 8. d5 {[%emt 0:00:02]} Ne7 {[%emt 0:00:01]} 9. Bg5 {[%emt 0:00:02]} h6 {[%emt 0:00:08]} 10. Bd2 {[%emt 0:00:01]} Nh5 {[%emt 0:00:11]} 11. Re1 {[%emt 0:00:04]} f5 {[%emt 0:00:21]} 12. Nh4 {[%emt 0:00:13]} Nf6 {[%emt 0:00:11]} 13. exf5 {[%emt 0:00:04]} gxf5 {[%emt 0:00:03]} 14. g3 {[%emt 0:00:03]} c6 {[%emt 0:00:12]} 15. Qb3 {[%emt 0:00:06]} cxd5 {[%emt 0:00:10]} 16. cxd5 {[%emt 0:00:03]} b6 {[%emt 0:00:01]} 17. Rad1 {[%emt 0:00:32]} Bb7 {[%emt 0:00:20]} 18. Be3 {[%emt 0:00:08]} Nd7 {[%emt 0:00:08]} 19. Bf1 {[%emt 0:00:10]} Rc8 {[%emt 0:00:16]} 20. Bh3 {[%emt 0:00:14]} Nc5 {[%emt 0:00:02]} 21. Qc2 {[%emt 0:00:05]} e4 {[%emt 0:00:13]} 22. Bf1 {[%emt 0:00:18]} Qe8 {[%emt 0:00:08]} 23. Qd2 {[%emt 0:00:07]} Kh7 {[%emt 0:00:02]} 24. Nb5 {[%emt 0:00:07]} Qd7 {[%emt 0:00:08]} 25. Nc3 {[%emt 0:00:14]} Qe8 {[%emt 0:00:09]} 26. Ng2 {[%emt 0:00:03]} Ng6 {[%emt 0:00:04]} 27. Nb5 {[%emt 0:00:23]} Qe7 {[%emt 0:00:08]} 28. Nxa7 {[%emt 0:00:03]} Ra8 {[%emt 0:00:02]} 29. Nc6 {[%emt 0:00:01]} Qf7 {[%emt 0:00:12]} 30. b4 {[%emt 0:00:03]} Nd7 {[%emt 0:00:01]} 31. Nf4 {[%emt 0:00:04]} Nge5 {[%emt 0:00:01]} 32. Nxe5 {[%emt 0:00:05]} Nxe5 {[%emt 0:00:00]} 33. Be2 {[%emt 0:00:03]} b5 {[%emt 0:00:01]} 34. h4 {[%emt 0:00:07]} Ra3 {[%emt 0:00:08]} 35. Rc1 {[%emt 0:00:01]} Rfa8 {[%emt 0:00:01]} 36. Rc2 {[%emt 0:00:01]} Nc4 {[%emt 0:00:08]} 37. Bxc4 bxc4 38. Rxc4 {[%emt 0:00:09]} Rxa2 {[%emt 0:00:01]} 39. Rc2 {[%emt 0:00:00]} Rxc2 {[%emt 0:00:12]} 40. Qxc2 {[%emt 0:00:02]} Bxd5 {[%emt 0:00:01]} 41. Qd2 {[%emt 0:00:09]} Bc4 {[%emt 0:00:11]} 42. Qxd6 {[%emt 0:00:03]} Bf8 {[%emt 0:00:01]} 43. Qb6 {[%emt 0:00:04]} Bg7 {[%emt 0:00:06]} 44. h5 {[%emt 0:00:03]} Ra1 {[%emt 0:00:02]} 45. Rxa1 {[%emt 0:00:02]} Bxa1 {[%emt 0:00:01]} 46. Bd4 {[%emt 0:00:06]} Bxd4 47. Qxd4 Bb5 48. Qd5 {[%emt 0:00:02]} Qxd5 {[%emt 0:00:13]} 49. Nxd5 {[%emt 0:00:02]} Kg7 {[%emt 0:00:02]} 50. Nc7 {[%emt 0:00:02]} Bc6 {[%emt 0:00:03]} 51. b5 {[%emt 0:00:02]} Bb7 {[%emt 0:00:01]} 52. Kf1 {[%emt 0:00:02]} Kf7 {[%emt 0:00:02]} 53. Ke2 {[%emt 0:00:01]} Ke7 {[%emt 0:00:02]} 54. Ke3 {[%emt 0:00:02]} Kd6 {[%emt 0:00:03]} 55. Ne8+ {[%emt 0:00:03]} Ke7 {[%emt 0:00:02]} 56. Nc7 {[%emt 0:00:02]} Kd6 {[%emt 0:00:01]} 57. b6 {[%emt 0:00:01]} Kc6 {[%emt 0:00:04]} 58. Ne8 {[%emt 0:00:02]} Kxb6 {[%emt 0:00:04]} 59. Nd6 {[%emt 0:00:01]} Bd5 {[%emt 0:00:02]} 60. Nxf5 {[%emt 0:00:03]} Bf7 {[%emt 0:00:01]} 61. g4 {[%emt 0:00:01]} Be6 {[%emt 0:00:01]} 62. Nxh6 {[%emt 0:00:02]} 1-0

[Event "RUS-ch Men Blitz 2019"]
[Site "Sochi"]
[Date "2019.10.17"]
[Round "6.17"]
[White "Kovalchuk, Alexey"]
[Black "Yuffa, Daniil"]
[Result "0-1"]
[WhiteElo "2388"]
[BlackElo "2577"]
[Annotator "ChessBase"]
[PlyCount "43"]
[EventDate "2019.10.17"]
[EventType "swiss"]
[EventCountry "RUS"]
[SourceTitle "playchess.com"]
[Source "ChessBase"]
[SourceQuality "1"]
[TimeControl "180+2"]

1. e4 c6 2. Nc3 {[%emt 0:00:05]} d5 {[%emt 0:00:00]} 3. Nf3 {[%emt 0:00:03]} Bg4 {[%emt 0:00:02]} 4. h3 {[%emt 0:00:02]} Bxf3 {[%emt 0:00:02]} 5. Qxf3 {[%emt 0:00:03]} e6 {[%emt 0:00:02]} 6. Be2 {[%emt 0:00:02]} Bc5 {[%emt 0:00:01]} 7. O-O {[%emt 0:00:12]} Ne7 {[%emt 0:00:01]} 8. Na4 {[%emt 0:00:14]} Bd6 {[%emt 0:00:08]} 9. d4 {[%emt 0:00:03]} dxe4 {[%emt 0:00:04]} 10. Qxe4 {[%emt 0:00:02]} Nd7 {[%emt 0:00:04]} 11. c4 {[%emt 0:00:07]} Nf6 {[%emt 0:00:03]} 12. Qd3 {[%emt 0:00:06]} Nf5 {[%emt 0:00:07]} 13. Rd1 {[%emt 0:00:05]} O-O {[%emt 0:00:05]} 14. Nc3 {[%emt 0:00:02]} a6 {[%emt 0:00:14]} 15. Ne4 {[%emt 0:00:02]} Nxe4 {[%emt 0:00:17]} 16. Qxe4 {[%emt 0:00:02]} Qf6 {[%emt 0:00:11]} 17. Rb1 {[%emt 0:01:20]} Rad8 {[%emt 0:00:01]} 18. Be3 {[%emt 0:00:21]} Nxe3 {[%emt 0:00:21]} 19. fxe3 {[%emt 0:00:15]} Qg5 {[%emt 0:00:02]} 20. Qf3 {[%emt 0:00:10]} e5 {[%emt 0:00:06]} 21. Bd3 {[%emt 0:00:22]} f5 {[%emt 0:00:10]} 22. Bc2 {[%emt 0:00:01]} 0-1

[Event "RUS-ch Men Blitz 2019"]
[Site "Sochi"]
[Date "2019.10.17"]
[Round "6.18"]
[White "Smagin, Sergey"]
[Black "Zakhartsov, Vladimir"]
[Result "0-1"]
[WhiteElo "2551"]
[BlackElo "2514"]
[Annotator "ChessBase"]
[PlyCount "92"]
[EventDate "2019.10.17"]
[EventType "swiss"]
[EventCountry "RUS"]
[SourceTitle "playchess.com"]
[Source "ChessBase"]
[SourceQuality "1"]
[TimeControl "180+2"]

1. e4 {[%emt 0:00:00]} c5 {[%emt 0:00:00]} 2. c3 {[%emt 0:00:02]} Nf6 {[%emt 0:00:02]} 3. e5 {[%emt 0:00:01]} Nd5 {[%emt 0:00:01]} 4. Nf3 {[%emt 0:00:01]} e6 {[%emt 0:00:01]} 5. Na3 {[%emt 0:00:03]} d6 {[%emt 0:00:03]} 6. exd6 {[%emt 0:00:12]} Bxd6 {[%emt 0:00:02]} 7. d4 {[%emt 0:00:01]} cxd4 {[%emt 0:00:04]} 8. Qxd4 {[%emt 0:00:01]} O-O {[%emt 0:00:04]} 9. Nc4 {[%emt 0:00:01]} Nc6 {[%emt 0:00:06]} 10. Qe4 {[%emt 0:00:02]} Nf6 {[%emt 0:00:08]} 11. Qc2 {[%emt 0:00:04]} Bc7 {[%emt 0:00:29]} 12. a4 {[%emt 0:00:06]} e5 {[%emt 0:00:05]} 13. Bg5 {[%emt 0:00:06]} e4 {[%emt 0:00:20]} 14. Rd1 {[%emt 0:00:03]} Qe7 {[%emt 0:00:02]} 15. Nfd2 {[%emt 0:00:32]} Bf5 {[%emt 0:00:15]} 16. Ne3 {[%emt 0:00:02]} Qe5 {[%emt 0:00:32]} 17. Ndc4 {[%emt 0:00:03]} Qe6 {[%emt 0:00:01]} 18. Bxf6 {[%emt 0:00:33]} Qxf6 {[%emt 0:00:01]} 19. Nd5 {[%emt 0:00:04]} Qd8 {[%emt 0:00:26]} 20. Nce3 {[%emt 0:00:03]} Bg6 {[%emt 0:00:05]} 21. Nb6 {[%emt 0:00:06]} Bxb6 {[%emt 0:00:01]} 22. Rxd8 {[%emt 0:00:01]} Raxd8 {[%emt 0:00:02]} 23. Be2 {[%emt 0:00:23]} f5 {[%emt 0:00:05]} 24. Nc4 {[%emt 0:00:09]} Bc5 {[%emt 0:00:40]} 25. Qb3 {[%emt 0:00:03]} Rf7 {[%emt 0:00:01]} 26. Qb5 {[%emt 0:00:03]} Bf8 {[%emt 0:00:06]} 27. O-O {[%emt 0:00:06]} a6 {[%emt 0:00:02]} 28. Qb6 {[%emt 0:00:04]} Rfd7 {[%emt 0:00:02]} 29. h4 {[%emt 0:00:04]} Bf7 {[%emt 0:00:01]} 30. Qe3 {[%emt 0:00:13]} g6 {[%emt 0:00:02]} 31. b4 {[%emt 0:00:07]} Ne7 {[%emt 0:00:01]} 32. Nb6 {[%emt 0:00:04]} Nd5 {[%emt 0:00:04]} 33. Nxd5 {[%emt 0:00:05]} Bxd5 {[%emt 0:00:02]} 34. Rd1 {[%emt 0:00:07]} Bf7 {[%emt 0:00:02]} 35. Rxd7 {[%emt 0:00:01]} Rxd7 {[%emt 0:00:00]} 36. g3 {[%emt 0:00:01]} Bg7 {[%emt 0:00:06]} 37. Qc5 {[%emt 0:00:02]} Bf8 {[%emt 0:00:03]} 38. Qc8 {[%emt 0:00:02]} Re7 {[%emt 0:00:03]} 39. Bc4 {[%emt 0:00:01]} Kg7 {[%emt 0:00:02]} 40. Bxf7 {[%emt 0:00:01]} Rxf7 {[%emt 0:00:02]} 41. Qe6 {[%emt 0:00:03]} Re7 {[%emt 0:00:03]} 42. Qd5 {[%emt 0:00:01]} h6 {[%emt 0:00:03]} 43. c4 {[%emt 0:00:02]} Rf7 {[%emt 0:00:02]} 44. c5 {[%emt 0:00:01]} g5 {[%emt 0:00:02]} 45. h5 {[%emt 0:00:02]} Rf6 {[%emt 0:00:02]} 46. b5 {[%emt 0:00:02]} axb5 {[%emt 0:00:02]} 0-1

[Event "RUS-ch Men Blitz 2019"]
[Site "Sochi"]
[Date "2019.10.17"]
[Round "6.19"]
[White "Potapov, Pavel"]
[Black "Jary, Sergey"]
[Result "1-0"]
[WhiteElo "2489"]
[BlackElo "2275"]
[Annotator "TA"]
[PlyCount "102"]
[EventDate "2019.10.17"]
[EventType "swiss"]
[EventCountry "RUS"]
[SourceTitle "playchess.com"]
[Source "ChessBase"]
[SourceQuality "1"]

{[%evp 9,102,50,72,49,111,112,112,106,110,82,96,79,137,109,103,113,210,154,149,103,125,122,122,124,133,114,132,54,143,86,105,107,160,97,158,130,135,133,145,125,149,158,151,108,99,83,108,93,90,94,91,44,71,0,0,0,0,0,0,0,0,0,7,7,7,14,120,21,49,54,122,21,21,21,21,21,21,21,21,21,21,21,22,22,22,22,22,22,22,22,22,22,22,22,22]} 1. e4 g6 2. d4 Bg7 3. Nc3 d6 4. f4 a6 5. Nf3 Nf6 (5... b5 6. Bd3 Nd7 7. a4 b4 8. Ne2 c5 9. c3 Bb7 10. O-O Ngf6 11. e5 Nd5 12. Bd2 bxc3 13. bxc3 cxd4 14. cxd4 O-O {0-1 (49) Anand,V (2759)-Nakamura,H (2769) Leuven 2018}) 6. Bd3 {B06: Modern Defence} b5 (6... Nfd7 $14) 7. e5 $16 Ng4 8. h3 {White is better.} Nh6 9. Be4 $146 ({Predecessor:} 9. O-O Bb7 10. Ne4 O-O 11. c3 Nd7 12. Qe2 Nb6 13. h4 {1-0 (31) Craciun,A (1855)-Ungureanu,A (1605) Calimanesti Caciulata 2016}) 9... c6 10. O-O Nf5 (10... O-O $142) 11. Qe1 d5 12. Bd3 Qb6 (12... h5 $16 {keeps fighting.}) 13. Qf2 h5 14. Ne2 Nh6 15. Ng3 e6 16. c3 Nd7 17. Be3 Nf5 18. Ng5 (18. Nxf5 $16 exf5 19. Qg3) 18... Nf8 (18... Nxe3 $14 19. Qxe3 c5) 19. Ne2 (19. a4 $142) 19... Nh7 20. a4 Bd7 (20... a5 $142) 21. b3 (21. a5 $142 Qd8 22. Nf3) 21... Rc8 (21... Nxe3 $142 22. Qxe3 Nxg5) 22. Bxf5 exf5 23. Nxh7 Rxh7 24. c4 Rh8 25. Rfc1 b4 26. cxd5 cxd5 27. Rc5 Qb7 28. Rac1 Bf8 29. Rxc8+ Bxc8 30. Kh2 Be7 31. Ng1 (31. Qe1 $16) 31... Be6 $11 32. Nf3 Kd7 33. Qf1 Rc8 34. Bf2 Rxc1 35. Qxc1 Qc6 36. Qxc6+ Kxc6 {[%mdl 4096] Endgame KBB-KBN} 37. Bh4 Bf8 {[#]} (37... Bxh4 $11 38. Nxh4 Bc8) 38. Kg1 ({White should play} 38. Bd8 $1 $16) 38... Bh6 39. Bg5 Bf8 {[#]} (39... Bxg5 $14 40. Nxg5 Kd7) 40. Kf1 (40. Bd8 $1 $16) 40... Kd7 {The position is equal.} 41. Ke2 a5 42. Kd2 Kc7 43. g3 Kd7 44. Bf6 Bh6 45. Kd3 Kc7 46. Be7 Kd7 47. Bc5 {aiming for Bb6.} Kc6 48. Ke3 Bc8 49. Nh2 Be6 50. Nf1 Bc8 51. Nd2 Be6 {[%mdl 32768] Accuracy: White = 50%, Black = 43%. . Loss on time!?} 1-0

[Event "RUS-ch Men Blitz 2019"]
[Site "Sochi"]
[Date "2019.10.17"]
[Round "6.20"]
[White "Gochelashvili, David"]
[Black "Gutenev, Alexander"]
[Result "0-1"]
[WhiteElo "2403"]
[BlackElo "2469"]
[Annotator "TA"]
[PlyCount "36"]
[EventDate "2019.10.17"]
[EventType "swiss"]
[EventCountry "RUS"]
[SourceTitle "playchess.com"]
[Source "ChessBase"]
[SourceQuality "1"]

{[%evp 16,132,-30,-39,-31,-66,-15,-52,-73,-71,-43,-47,-50,-63,-54,-58,-53,-50,-61,-89,-105,-88,-84,-140,-95,-254,-81,-85,-85,-79,-68,-58,12,11,25,12,12,17,17,19,21,24,42,24,18,24,31,33,66,-4,-11,-154,-172,-196,14,0,0,0,128,80,142,142,110,102,191,192,194,197,206,218,232,147,297,222,255,134,135,35,30,30,32,29,92,13,15,30,21,0,0,0,22,0,0,-35,-8,-14,-14,-74,-68,-94,-66,-2844,-2639,-29981,-29975,-29969,-29968,-29979,-29978,-29984,-29980,-29980,-29981,-29980,-29981,-29981,-29982,-29986,-29987]} 1. e4 c5 2. c3 Nf6 3. e5 Nd5 4. d4 cxd4 5. Qxd4 e6 6. Nf3 Nc6 7. Qe4 f5 8. exf6 Nxf6 9. Qh4 e5 {B22: Sicilian: 2 c3} (9... Be7 10. Bd3 O-O 11. Bg5 h6 12. Bxh6 gxh6 13. Qg3+ Kh8 14. Qg6 Bd6 15. Qxh6+ Kg8 16. Qg6+ Kh8 17. Qh6+ Kg8 18. Qg6+ Kh8 {½-½ (18) Hamdouchi,H (2627)-Bauer,C (2682) Pau 2012}) 10. Bg5 Be7 (10... d5 $15) 11. Bd3 d5 {Black is slightly better.} 12. Bg6+ Kd7 13. Bf5+ $146 ({Predecessor:} 13. Bc2 h6 14. Be3 e4 15. Nd4 g5 16. Qg3 Bd6 17. f4 Nxd4 18. Bxd4 Bxf4 {0-1 (44) Pistol,M-Dorfanis,I (2225) Paleros 2012}) 13... Kc7 14. Bxc8 Rxc8 15. O-O h6 16. Bxf6 Bxf6 17. Qa4 Kb8 18. Na3 {[%cal Bb1a3,Ba3c2,Bc2b4][%mdl 32]} e4 {Played: Qd8-b6} 0-1

[Event "RUS-ch Men Blitz 2019"]
[Site "Sochi"]
[Date "2019.10.17"]
[Round "6.21"]
[White "Bryakin, Mikhail"]
[Black "Zakaryan, David"]
[Result "1-0"]
[WhiteElo "2440"]
[BlackElo "2338"]
[Annotator "TA"]
[PlyCount "51"]
[EventDate "2019.10.17"]
[EventType "swiss"]
[EventCountry "RUS"]
[SourceTitle "playchess.com"]
[Source "ChessBase"]
[SourceQuality "1"]

{[%evp 9,151,19,34,-4,0,-76,67,-105,-100,-110,-92,-116,-99,-119,-62,-128,-68,-101,-107,-114,-92,-120,-131,-140,-135,-137,-148,-144,-147,-200,-198,-216,-179,-173,0,0,33,33,213,78,252,258,252,235,235,235,276,266,285,275,300,307,293,252,301,259,259,259,301,287,331,328,338,322,322,321,295,234,261,234,234,234,234,234,234,231,234,166,166,166,261,261,402,391,12835,12835,12836,12836,12836,12836,12833,12834,12834,12827,12835,12835,12836,12836,12842,232,627,922,663,232,415,0,27,0,340,184,12840,12840,12841,470,12841,12842,12842,27,31,0,12842,12843,12843,12843,12845,12845,12845,12845,12846,12846,12849,12849,12851,29973,12851,29974,12851,29949,12851,12851,12851,27999,12851,27999]} 1. d4 d5 2. Nf3 e6 3. c4 Nf6 4. g3 dxc4 5. Bg2 Nc6 6. e3 {[%mdl 1024] White has compensation. E04: Open Catalan: 5 Nf3} (6. O-O Rb8 7. Nc3 b5 8. Ne5 Nxe5 9. dxe5 Nd7 10. Qc2 Bb7 11. Bxb7 Rxb7 12. Rd1 Qc8 13. Ne4 Be7 14. a4 Nxe5 15. axb5 O-O 16. Bf4 {½-½ (32) Ponkratov,P (2651)-Bu,X (2722) Harbin 2019}) 6... Rb8 7. Nfd2 (7. O-O $11 {keeps the balance.}) 7... Na5 $146 (7... e5 $1 $17 8. Nxc4 exd4 9. exd4 Nxd4) ({Predecessor:} 7... e5 8. Nxc4 exd4 9. Bxc6+ bxc6 10. Qxd4 Qd5 11. Qxd5 cxd5 12. Ncd2 Ba6 13. b3 Nd7 {0-1 (29) Inkiov,V (2470)-Rabiega,R (2420) Zillertal 1993}) 8. Na3 $2 (8. Qa4+ $1 $14 {keeps the upper hand.} Nc6 9. O-O (9. Qxc4 e5 $11) (9. Nxc4 Qd7 $14) (9. Bxc6+ bxc6 10. Nc3 Bd7 $11)) 8... b5 $17 9. O-O c5 10. Nc2 Bb7 11. Bxb7 Rxb7 (11... Nxb7 $17 12. a4 a6) 12. Qf3 ({Better is} 12. dxc5 $15 Bxc5 13. b4 cxb3 14. axb3) 12... Rd7 ({Black should try} 12... Nd5 $17 13. e4 Nb4 14. Nxb4 cxb4) 13. Ne4 Nxe4 14. Qxe4 Be7 15. Bd2 O-O 16. Rfd1 Rd5 17. Bxa5 Qxa5 18. dxc5 Rxc5 19. a3 (19. b4 $17 cxb3 {[%mdl 64] Discovered Attack} 20. axb3) 19... Bf6 $19 20. Rab1 Qc7 21. Nb4 {Threatening Na6.} c3 $2 (21... Qb6 $19 22. Na2 Rcc8) 22. Na6 $11 {[%mdl 64] Double Attack} Qc6 23. Nxc5 Qxc5 $2 (23... Qxe4 $14 24. Nxe4 c2 {[%mdl 64] Double Attack}) 24. Rdc1 (24. bxc3 $18 {Black must now prevent Qb4.} a5 25. Qd3) 24... Rd8 $2 (24... a5 $16 {is a better defense.}) 25. bxc3 $18 Qxa3 26. c4 {Played: Qe4-b4} 1-0